000 00922nam a2200229Ia 4500
005 20241129111402.0
008 241129s9999||||xx |||||||||||||| ||und||
020 _a978-93-93112-12-5
037 _aTB
040 _aCRL
_bhin
_cCRL
041 _ahin
_2hin
084 _aO15,6x 152R2
_qCRL
100 _aमिश्र, अभिराज राजेन्द्र, ले.
_9724270
245 0 _aविद्यामयूख: ज्ञानवर्धक विविधविषयक आलेख - संग्रह
_cमिश्र, अभिराज राजेन्द्र, ले.
260 _aनई दिल्ली, भारत
_bप्रगतिशील प्रकाशन
_c2022
300 _a224पृ0
365 _aINR
_b900
546 _aTranslated from Sanskrit to Hindi
650 _aSanskrit Prose
942 _cTB
_hO15,6x 152R2
999 _c1230223
_d1230223